Masculinidades cambios y permanencias: varones del Cuzco, Iquitos y Lima
में बचाया:
| मुख्य लेखक: | |
|---|---|
| स्वरूप: | मूलपाठ |
| प्रकाशित: |
Lima:
Fondo Editorial de la Pontíficia Universidad Católica
|
| विषय: | |
| टैग: |
टैग जोड़ें
कोई टैग नहीं, इस रिकॉर्ड को टैग करने वाले पहले व्यक्ति बनें!
|
MARC
| LEADER | 00000 a a2200000 04500 | ||
|---|---|---|---|
| 001 | 28118 | ||
| 003 | |||
| 040 | |||
| 090 | |a 187005 | ||
| 100 | |a Fuller, Norma | ||
| 245 | |a Masculinidades cambios y permanencias: varones del Cuzco, Iquitos y Lima | ||
| 260 | |a Lima: |b Fondo Editorial de la Pontíficia Universidad Católica | ||
| 300 | |a 509 p. |b **no definido** | ||
| 650 | |a ESCUELAS | ||
| 650 | |a MASCULINIDAD | ||
| 650 | |a GENERO | ||
| 650 | |a DISCIPLINA | ||
| 650 | |a PERU | ||
| 999 | |c 16180 |d 16180 | ||
